00455 2200181 4500001002100000005001500021035002000036245006400056100002400120250000600144300002500150260004000175082000800215084001400223020001800237990000900255990000900264INLIS00000000000000920250807083941 a0010-08250000091 aKedahsyatan Sedekah Untuk Anak Yatim /cJamal Ma'mur Asmani0 aJamal Ma'mur Asmani a1 a181 hlm, ;c19,5 cm. aYogyakarta :bPustaka Marwa,c2009. a2x4 a2x4 JAM k a9786028316149 a1851 a1852